000 00505nam a2200169Ia 4500
008 240729s9999 xx 000 0 und d
022 _a2475-3025
245 0 _aPhilosophy, Theory, and Practice in Biology
260 _aUnited States
260 _bMichigan Publishing
650 _a Biology (General)
650 _a Philosophy (General) | Science
650 _aPhilosophy. Psychology. Religion
856 _uhttps://doaj.org/toc/e59d81adbcfc4903b089a3fecfb9f96e
942 _2ddc
942 _cDOAJEJ
999 _c72902
_d72902
945 _a1
_bMadushi Gamage
_c1
_dMadushi Gamage